000 00537nam a2200193Ia 4500
003 OSt
005 20200709144303.0
008 190216s9999||||xx |||||||||||||| ||und||
020 _a8172048734
040 _coclc
082 _a297.61
_bBAH/P
100 _aBahjeth, Ahamed
_91928
245 0 _aPravachakanmar /
_cAhamed Bahjeth
250 _a5th ed.
260 _bIslamic Publishing House,
_c2002.
_aKozhikode:
300 _a38p
650 _aIslamic Culture
942 _cBK
_2ddc
_h297.61
_iBAH/P
_k297.61
_mBAH/P
999 _c22544
_d22544